| 000 | 00935nam a2200253 a 4500 | ||
|---|---|---|---|
| 001 | 000007528 | ||
| 005 | 20200929154212.0 | ||
| 008 | 090909s1999 dr r 000 0 spa d | ||
| 040 |
_aDO-SdBNP _bspa _cBNPHU |
||
| 082 |
_a346.043 _bA473e, 1999 |
||
| 100 | 1 |
_aÁlvarez Sánchez, Arístides _917528 |
|
| 245 | 1 | 0 |
_aEstudio de la ley de tierras / _cArístides Álvarez Sánchez ; prólogo Fernando E. Ravelo de la Fuente. |
| 250 | _a2a ed. | ||
| 260 |
_aSanto Domingo : _bTiempo, _c1999. |
||
| 300 |
_a619 p. ; _c20 cm. |
||
| 490 | 1 |
_aEstudios juridicos _v3 |
|
| 590 | _aInventariado, 2020/BT | ||
| 650 | 4 |
_aTierras _zRepública Dominicana _xLegislación _917529 |
|
| 650 | 4 |
_aCatastros de fincas _zRepública Dominicana _xLegislación _917530 |
|
| 650 | 4 |
_aRegistro de títulos _917531 |
|
| 650 | 4 |
_aRegistro de la propiedad _914525 |
|
| 700 | 1 |
_aRavelo Fuente, Fernando E. de la, _epról. _920906 |
|
| 830 | 1 |
_aEstudios juridicos _n3 _920907 |
|
| 999 |
_c7309 _d7309 |
||